000 00552nam a2200217Ia 4500
003 OSt
005 20221007080114.0
006 a|||||r|||| 00| 0
007 ta
008 221006b |||||||| |||| 00| 0 eng d
024 _a1,269
037 _cTextual
040 _aFLL
_cFLL
_beng
041 _2eng
_aeng
082 _aX729:Z24, M85
100 _aBhargava
_9507276
245 0 _aIncome Tax Rules
260 _aNew Delhi
_bTaxation India
_c1985
942 _hX729:Z24, M85
_cTEXL
_2CC
999 _c1158382
_d1158382